Guess A Random Number - Statistics

General Stats
  • This quiz has been taken 44 times
  • The average score is 12 of 15
Answer Stats
Answer % Correct
68
89%
17
86%
22
86%
33
86%
56
86%
32
83%
65
83%
69
83%
74
83%
98
83%
34
80%
76
80%
99
77%
124
71%
134
69%
No matching quizzes found
Score Distribution
Percent of People with Each Score
Percentile by Number Answered
Your Score History
You have not taken this quiz